Imerzívna virtuálna prehliadka

Uložené v:
Podrobná bibliografia
Hlavný autor: Gergely, Attila (Autor)
Ďalší autori: Vančo, Marek (Vedúci práce)
Médium: Rukopis Kniha
Jazyk:Slovak
Vydavateľské údaje: Bratislava : STU v Bratislave FEI, 2025
Predmet:
On-line prístup:https://opac.crzp.sk/?fn=detailBiblioFormChildKVEM2&sid=DD67AA6236BE82C1E91D9515B2AE&seo=CRZP-detail-kniha
Tagy: Pridať tag
Žiadne tagy, Buďte prvý, kto otaguje tento záznam!

MARC

LEADER 00000ntm a22000003a 4500
001 stuzp96699
003 SK-STU
005 20251105140548.1
007 ta
008 150427s2015----xo-----f-mn---000-0-slo-d
040 |a STU  |b slo 
041 0 |a slo 
044 |a xo 
100 1 |a Gergely, Attila  |u 037000  |4 aut  |U FEI Fakulta elektrotechniky a informatiky  |T FEI Ústav multimediálnych informačných a komunikačných technológií  |X 111241  |U E070  |Y 818  |7 111241 
242 0 1 |a Immersive Virtual Tour  |y eng 
245 1 0 |a Imerzívna virtuálna prehliadka 
260 |a Bratislava :  |b STU v Bratislave FEI,  |c 2025 
300 |a 48 s. 
650 4 |a Virtuálna prehliadka  |2 slo 
650 4 |a Unity  |2 slo 
650 4 |a Gaussian Splatting  |2 slo 
650 4 |a Gaussian Splatting  |2 eng 
650 4 |a Unity  |2 eng 
650 4 |a Virtuálna prehliadka  |2 eng 
700 1 |a Vančo, Marek  |u 037000  |k Z2  |4 ths  |U FEI Fakulta elektrotechniky a informatiky  |T FEI Ústav multimediálnych informačných a komunikačných technológií  |X 35291  |U E070  |Y 818  |7 A000035291 
856 4 |u https://opac.crzp.sk/?fn=detailBiblioFormChildKVEM2&sid=DD67AA6236BE82C1E91D9515B2AE&seo=CRZP-detail-kniha